Largest UK Places by Category - Statistics

General Stats
  • This quiz has been taken 29 times
    22 since last reset
  • The average score is 6 of 15
Answer Stats
Group Hint Answer % Correct
Royal Patronage 64k {Bognor} Regis
85%
Royal Patronage 56k Royal {Leamington} {Spa}
75%
River in the Name 284k Kingston upon Hull
60%
River in the Name 268k Newcastle upon Tyne
60%
Royal Patronage 58k Royal {Tunbridge} {Wells}
55%
Sea in the Name 176k Southend on Sea
45%
River in the Name 270k Stoke on Trent
40%
Body Part in Name 552k LIVERpool
35%
Body Part in Name 238k PortsMOUTH
30%
Body Part in Name 510k ManCHESTer
25%
Sea in the Name 179k Swansea
25%
Two Words 170k Milton Keynes
20%
Sea in the Name 50k Clacton on Sea
15%
Two Words 120k High Wycombe
10%
Two Words 105k Sutton Coldfield
10%
No matching quizzes found
Score Distribution
Percent of People with Each Score
Percentile by Number Answered
Your Score History
You have not taken this quiz since the last reset